Logo quiz #5 - Statistiques

Statistiques générales
  • Ce quiz a été pris 1 057 fois
  • Le résultat moyen est 11 sur 16
Statistiques - réponses
Par images Réponse % Correct
Pinterest
95%
Batman
94%
Safari
92%
Honda
90%
Google Maps
89%
Linkedin
78%
Hyundai
76%
Juventus
75%
Windows
75%
Cartoon Network
71%
AC Milan
69%
BNP Paribas
65%
Cadillac
42%
Volcom
24%
NBC
19%
Adobe Flash player
16%
Aucun quiz correspondant
Distribution des résultats
% des personnes avec chaque résultat
Percentile par nombre de réponses
Votre historique - résultats
Vous n’avez pas pris ce quiz